| 000 | 00939nam a22003017a 4500 | ||
|---|---|---|---|
| 003 | CHAP | ||
| 005 | 20220329133937.0 | ||
| 008 | 971013s1945 r 00010 d | ||
| 010 | _a13008 | ||
| 011 | _a13980 | ||
| 035 | _a18053 | ||
| 040 | _cCHAP | ||
| 082 |
_a634.81 _bH43 |
||
| 100 | 0 | 0 |
_aHedrick, Ulysses Prentice. _953303 |
| 245 | _aGrapes and wines, from home vineyards | ||
| 260 |
_aLondon : _bOxford, _c1945 |
||
| 300 |
_a326 p. _b: ilus. |
||
| 590 |
_aBATCH-UPD _b10 _c20130110 _lUCH01 _h2238 |
||
| 590 |
_aBATCH-UPD _b10 _c20130409 _lUCH01 _h2114 |
||
| 590 |
_aBATCH-UPD _b10 _c20130914 _lUCH01 _h1925 |
||
| 590 |
_aCONVERSION _b10 _c20130109 _lUCH01 _h1308 |
||
| 650 | 1 | 4 |
_aVino _xElaboración _xE.U.A. _9119864 |
| 650 | 1 | 4 |
_aViticultura _xE.U.A. _9120054 |
| 901 | _aBK | ||
| 942 | _cLIBRO | ||
| 949 |
_a634.81 H43 _bBC _cLIBRO _d-42188 _eLIBRO _h23368 _i18053 _si |
||
| 949 |
_a634.81 H43 _bBC _cLIBRO _d-42189 _eLIBRO _fc.2 _h23369 _i18053 _si |
||
| 999 |
_c13008 _d13008 |
||